[Event "GER-ch53 V02 email"]
[Site "GER email"]
[Date "2021.04.21"]
[Round "?"]
[White "Raessler, Arndt"]
[Black "Traut, Gerhard"]
[Result "1/2-1/2"]
[WhiteElo "2107"]
[BlackElo "2142"]
[PlyCount "39"]
[EventDate "2021.04.21"]
[EventType "tourn (corr)"]
[EventRounds "10"]
[EventCountry "GER"]
[SourceTitle "Corr 2024"]
[Source "ChessBase"]
[SourceDate "2023.10.19"]
[SourceVersion "1"]
[SourceVersionDate "2023.10.19"]
[SourceQuality "1"]

1. d4 Nf6 2. c4 e6 3. Nf3 d5 4. Nc3 Bb4 5. Bg5 dxc4 6. e4 h6 7. Bxf6 Qxf6 8. Bxc4 c5 9. 0-0 cxd4 10. Nb5 Qe7 11. Qxd4 0-0 12. Nxa7 Bc5 13. Nxc8 Rxc8 14. Qd3 Nc6 15. Qe2 g5 16. h3 Rd8 17. Rad1 Nd4 18. Nxd4 Rxd4 19. Rxd4 Bxd4 20. b3 1/2-1/2